| 000 | 01121nam0a22002651 4500 | ||
|---|---|---|---|
| 001 | rc\537372 | ||
| 005 | 20030616165702.5 | ||
| 035 | _a(NLR Aleph) 005774816 | ||
| 090 |
_a5067849 _c5067849 |
||
| 100 | _a20030616d1988 u |0rusy50 ca | ||
| 101 | 0 | _arus | |
| 102 | _aRU | ||
| 105 | _aa ||||||||| | ||
| 200 | 1 |
_aМолекулярные и клеточные аспекты иммунологического распознавания _fН.И. Татишвили, В.В. Меунаргия, Т.С. Соселия _gАН ГССР, Ин-т эксперим. морфологии им. А.Н. Натишвили |
|
| 210 |
_aТбилиси _cМецниереба _d1988 |
||
| 215 |
_a225, [2] с. _cил. _d21 |
||
| 320 | _aБиблиогр. в конце разделов | ||
| 700 | 1 |
_aТатишвили _bН. И. _gНугзар Ираклиевич |
|
| 701 | 1 |
_aМеунаргия _bВ. В. _gВахтанг Валерианович |
|
| 701 | 1 |
_aСоселия _bТ. С. _gТамара Семеновна |
|
| 801 | 0 |
_aRU _bNLR _gpsbo |
|
| 801 | 1 |
_aRU _bELAR _2rusmarc |
|
| 852 |
_aNLR _j88-5/4264 |
||
| 942 | _cBOOK | ||
| 980 | _aNB | ||